Arab states: Statistics and indicators on education, 1999/2000; Regional report. (Record no. 138489)

MARC details
000 -CABECERA
campo de control de longitud fija 00632nam a2200193 a 4500
005 - FECHA Y HORA DE LA ÚLTIMA TRANSACCIÓN
campo de control 20240430063824.0
008 - ELEMENTOS DE LONGITUD FIJA--INFORMACIÓN GENERAL
campo de control de longitud fija 081109s2000 mx r 000 0 spa d
035 ## - NÚMERO DE CONTROL DEL SISTEMA
Número de control de sistema UPN01000166378
049 ## - COLECCIÓN
Colección UNE
080 ## - NÚMERO DE CLASIFICACIÓN DECIMAL UNIVERSAL
Número de la Clasificación Decimal Universal OC 31: 37 (53) =20 "2002" ARA.
245 00 - MENCIÓN DE TÍTULO
Título Arab states: Statistics and indicators on education, 1999/2000; Regional report.
260 ## - PUBLICACIÓN, DISTRIBUCIÓN, ETC.
Lugar de publicación, distribución, etc. Montreal, Canada: UNESCO. Institute for Statistics, 2002.
300 ## - DESCRIPCIÓN FÍSICA
Extensión 77 p.; 28 cm. il., map.
440 #0 - MENCIÓN DE SERIE/ASIENTO SECUNDARIO--TÍTULO
Título UIS Regional report series
690 ## - PUNTO DE ACCESO ADICIONAL DE MATERIA LOCAL--TÉRMINO DE MATERIA (OCLC, RLIN)
Término de materia o nombre geográfico como elemento inicial Estadísticas educacionales
690 ## - PUNTO DE ACCESO ADICIONAL DE MATERIA LOCAL--TÉRMINO DE MATERIA (OCLC, RLIN)
Término de materia o nombre geográfico como elemento inicial Datos estadísticos
9 (RLIN) 9216
690 ## - PUNTO DE ACCESO ADICIONAL DE MATERIA LOCAL--TÉRMINO DE MATERIA (OCLC, RLIN)
Término de materia o nombre geográfico como elemento inicial Países Árabes
905 ## - TIPO DE MATERIAL
Tipo de material UNESCO

No items available.